Banky dat

Guardado en:
Detalles Bibliográficos
Autor principal: Chvalovský, Václav
Formato: Libro
Lenguaje:checo
Publicado: Praha Státní nakladatelství technické literatury 1984
Edición:2. přeprac. vyd.
Etiquetas: Agregar Etiqueta
Sin Etiquetas, Sea el primero en etiquetar este registro!

MARC

LEADER 00000nam a2200000 4500
001 c116488
005 20041019155204.7
041 0 |a cze 
044 |a CZ 
245 1 0 |a Banky dat  |c Václav Chvalovský 
250 |a 2. přeprac. vyd. 
264 1 |a Praha  |b Státní nakladatelství technické literatury  |c 1984 
300 |a 210 s. 
100 1 |a Chvalovský, Václav